| 000 | 00516nam a2200169 a 4500 | ||
|---|---|---|---|
| 001 | 000040635 | ||
| 005 | 20201002034252.0 | ||
| 008 | 130904s2008 sp 000 0 spa d | ||
| 020 | _a9788437609164 | ||
| 040 |
_aDO-SdBNP _bspa _cBNPHU |
||
| 100 | 1 |
_aOliva, César _924491 |
|
| 245 | 1 | 0 |
_aHistoria básica del arte escénico / _cCésar Oliva, Francisco Torres Monreal. |
| 250 | _a10a. ed. | ||
| 260 |
_aMadrid : _bCátedra, _c2008. |
||
| 300 |
_a521 p. : _bil., ; _c23 cm. |
||
| 700 | 1 |
_aTorres Monreal, Francisco _966988 |
|
| 999 |
_c40125 _d40125 |
||